000 00645nam a2200265Ia 4500
005 20260306164044.0
008 008 260114s9999 xx 000 0 eng d
020 _a9781399509633
037 _aEBOOK
040 _aCRL
040 _beng
040 _cCRL
041 _2eng
041 _aeng
084 _qCRL
100 _aPont
_9937349
245 2 _aA Philosophy Of Practising: With Deleuze's Difference And Repetition
260 _bEdinburgh University Press
260 _c2022
650 _aPhilosophy
856 _uhttps://academic.oup.com/book/42174
942 _cEBOOK
999 _c1712568
_d1712568